000 00946nam a2200313Ia 4500
003 GCL
008 140319s9999 xx 000 0 ara d
040 _aGCL /
_cGCL
082 0 4 _aق
_b932
_bس ع
100 1 _aج. شتيندورف
245 1 0 _aعندما حكمت مصر الشرق /
_cج. شتيندورف
700 1 _aمحمد العزب موسى
700 1 _aمحمود ماهر طه
700 1 _aسيل، ك
260 _a[S.N] :
_bمكتبة مدبولى ،
_c1990
300 _a319 ص
490 _a
650 0 4 _aمصر
650 0 4 _aتاريخ
650 0 4 _aمصر القديمة
650 0 4 _aالحضارة الفرعونية
650 0 4 _aالصور
650 0 4 _aالديانات المصرية القديمة
650 0 4 _aخريطة جمهورية مصر العربية
650 0 4 _aخريطة فلسطين
650 0 4 _aالاناشيد الفرعونية
650 0 4 _aطيبة
942 _2ddc
_cBK
999 _c52900
_d52900